000
00278nam a2200097Ia 4500
008
171204s9999 xx 000 0 und d
245
_a
Research Methods in Psychology:
260
_c
2014
650
_x
RESEARCH IN PSYCHOLOGY
856
_u
http://down.ebook777.com/036/0199005591.pdf
999
_c
346563
_d
346563